| 000 | 00436nam a22001577a 4500 | ||
|---|---|---|---|
| 082 |
_a621.56 _bMOY _cL-Tech, P-54 |
||
| 100 |
_aMoyer, James, A _941867 |
||
| 245 |
_aRefrigeration _cJames A. Moyer |
||
| 250 | _a2nd | ||
| 260 |
_aNew York _bMcGraw-Hill Book Company _c1932 |
||
| 300 | _ax, 538 p. : | ||
| 526 |
_a0 _b0 _c0 _d621_560000000000000_MOY |
||
| 526 |
_a0 _b0 _c0 _d621_560000000000000_MOY |
||
| 650 |
_aMCE _9379 |
||
| 942 |
_2ddc _cBK |
||
| 999 |
_c545884 _d545884 |
||